000 00312nam a22001337a 4500
008 171023b xxu||||| |||| 00| 0 eng d
020 _a9780130340733
041 _aeng
080 _25 ED
_a338
100 _a54
101 _aMEN
245 _aINFORMATION SYSTEMS MANAGEMENT
_cSPRANGUL.R.H
942 _2udc
_cBK
999 _c35355
_d35355